000 00383 a2200157 4500
001 162470
020 _a
040 _cMagnum
100 _aPaiano, Enor
240 1 0 _aTropicalismo: bananas ao vento no coracao do brasil
_lpor
245 1 0 _aTropicalismo: bananas ao vento no coracao do brasil
362 0 _a1899
440 1 _aScipione
697 _aHISTORIA GERAL
942 _cBK
999 _c162470
_d162470